| 000 | 02923 a2200313 i 4500 | ||
|---|---|---|---|
| 001 | 265283519 | ||
| 003 | MePoLT | ||
| 005 | 20240607115315.0 | ||
| 008 | 240606b ||||| |||| 00| 0 eng d | ||
| 020 | _a9781119748847 | ||
| 038 | _aMalang Jan | ||
| 040 |
_aMePoLT _cMePoLT _erda |
||
| 082 |
_a720.28563 _bMAC |
||
| 090 | 4 | _aNA2728.L433 | |
| 245 | 0 | 0 |
_aMachine Hallucinations: _bArchitecture and Artificial Intelligence/ _cedited by Matias del Campo & Neil Leach |
| 264 | 1 |
_aLondon: _bJohn Wiley & Sons; _c2022. |
|
| 300 |
_a144p.: _bill; _c27cm. |
||
| 440 | 1 | 0 |
_aArchitectural design _933235 |
| 490 | 1 | 0 |
_aArchitectural design _vvol:92,no:03 |
| 505 | _aCan Machines Hallucinate Architecture? / Matias del Campo and Neil Leach -- The Legacy Sketch Machine: From Artificial to Architectural Intelligence / Wolf dPrix, Karolin Schmidbaur, Daniel Bolojan and Efilena Baseta -- Creative AI: Augmenting Design Potency / Daniel Bolojan -- Space in the Mind of a Machine: Immersive Narratives / Refik Anadol -- Strange, But Familiar Enough: the Design Ecology of Neural Architecture / Matias del Campo and Sandra Manninger -- When Robots Dream: in Conversation with Alexandra Carlson / Matias del Campo -- Augmenting Digital Nature: Generative Art as a Constructive Feedback Loop / Sofia Crespo and Feileacan McCormick -- AI and Myths of Creativity / Lev Manovich -- Architectural Hallucinations: What Can AI Tell Us About the Mind of an Architect? / Neil Leach -- AI-Controlled Robot Masks: Resisting Patriarchal Oppression / Behnaz Farahi -- Assembled Worlds: New Campo Marzio-Piranesi in the Age of AI / M Casey Rehm and Damjan Jovanovic -- Architectural Plasticity: the Aesthetics of Neural Sampling / Immanuel Koh -- Synthesising Artificial Intelligence and Physical Performance / Achim Menges and Thomas Wortmann -- Sequential Masterplanning: Using Urban-GANs / Wanyu He -- Time for Change, the InfraRed Revolution: How AI-driven Tools can Reinvent Design for Everyone / Theodoros Galanos and Angelos Chronis -- Cyborganic Living / Maria Kuptsova -- Unleashing New Creativities / Matias del Campo and Neil Leach -- Endlessskyscraper / Eduard Haiman -- The Serlio Code / Gabriel Esquivel, Jean Jaminet and Shane Bugni -- Cloud Pergola / Alisa Andrasek -- Dream Estate / Damjan Jovanovic and Lidija Kljakovic -- The Dragonfly Wing Project / Hao Zheng and Masoud Akbarzadeh -- Artificial Relief / Kyle Steinfeld -- Architectural Intelligence: Colloquy of Mobiles Redux / Neil Spiller. | ||
| 520 | _aMachine Hallucinations: Architecture and Artificial Intelligence (Architectural Design) by Matias del Campo (2022) | ||
| 650 |
_aArchitectural design _xData processing _931758 |
||
| 650 | _aArtificial intelligence | ||
| 650 |
_aComputer _xaided design _934185 |
||
| 700 | 1 |
_aCampo,Matias del _9123303 |
|
| 700 | 1 | _aLeach,Neil | |
| 942 |
_2ddc _cBK |
||
| 999 |
_c609531 _d609531 |
||